logo

Bir Sreshtho Munshi Abdur Rouf Library
Jhenaidah Cadet College

The Science of Zoology / (Record no. 6694)

MARC details
000 -LEADER
fixed length control field 00544nam a22002177a 4500
001 - CONTROL NUMBER
JCCL Control Number 6694
003 - CONTROL NUMBER IDENTIFIER
JCCL marc code BD-JhCC
005 - DATE AND TIME OF LATEST TRANSACTION
control field 20180128121443.0
008 - FIXED-LENGTH DATA ELEMENTS--GENERAL INFORMATION
fixed length control field 180128b xxu||||| |||| 00| 0 eng d
035 ## - SYSTEM CONTROL NUMBER
system control number (BD-JhCC)6694
040 ## - CATALOGING SOURCE
Original cataloging agency BD-JhCC
Modifying agency BD-JhCC
041 ## - LANGUAGE CODE
Language code of Book eng
082 ## - DEWEY DECIMAL CLASSIFICATION NUMBER
Classification number 590
Author mark and Year PER 1952
100 ## - MAIN ENTRY--PERSONAL NAME
Personal name Perry, James C.
245 ## - TITLE STATEMENT
Title The Science of Zoology /
Statement of responsibility, etc James C. Perry
260 ## - PUBLICATION, DISTRIBUTION, ETC. (IMPRINT)
Place of publication, distribution, etc Milwaukee :
Name of publisher, distributor, etc The Bruce Publishing Company,
Date of publication, distribution, etc 1952.
300 ## - PHYSICAL DESCRIPTION
Pagination 709 p. :
Dimensions 24 cm.
650 ## - SUBJECT ADDED ENTRY--TOPICAL TERM
Topical term or geographic name as entry element Zoology
942 ## - ADDED ENTRY ELEMENTS (KOHA)
Source of classification or shelving scheme Dewey Decimal Classification
Koha item type Books
Holdings
Source of classification or shelving scheme Damaged status Not for loan Home library Current library Shelving location Total Checkouts Full call number Barcode Date last seen Copy number Koha item type
Dewey Decimal Classification     JCC Rouf Library JCC Rouf Library General Stacks   590 PER 1952 9209 01/28/2018 C - 1 Books

JCC Library | Contacts | JCC Home

Last Update on 23 September 2017
Copyright @ 2017-2020 JCC Rouf Library
Rouf Library, Jhenidah Cadet College (JCC), Bangladesh